000 00670nam a2200229 i 4500
001 bg
245 0 0 _aSztuka nauczania.
_n2
_pSzkoła /
_cpod red. Krzysztofa Kruszewskiego.
250 _aWyd. 5.
260 _aWarszawa :
_bWydawnictwo Naukowe PWN,
_c1998.
300 _a212, [1] s. ;
_c24 cm.
521 _aPodręcznik dla studentów kierunków nauczycielskich.
650 9 _aNauczanie
655 _aPodręczniki akademickie
700 1 _aKruszewski, Krzysztof.
_eRed.
020 _a8301119047 (2 t.)
040 _cBPK
041 0 _apl
080 _a371.3(075.8)
920 _a83-01-11904-7 (2 t.)
942 _cKS
008 s pl f |000 0 pol
999 _c33629
_d33629
856 _uhttp://koha.tu.koszalin.pl/cgi-bin/koha/opac-detail.pl?biblionumber=33629
_yKatalog online BPK